000 00811nam a2200229 i 4500
001 16258
003 ES-MaACL
005 20230906151256.0
007 t|
008 000821s1997 sp ||||1| spa d
020 _a84-8191-139-9
080 _a821.134.2-32"19"
100 0 _aBarga, Corpus,
_d1887-1975
_925629
245 1 0 _aContando sus pasos
_b: primer viaje a América (la vida rota, segunda parte) y otros textos inéditos de su juventud /
_cCorpus Barga ; edición, prólogo, introducción de Isabel del Alamo Triana.
260 _aValencia :
_bPre-Textos,
_c[1997]
300 _a225 p. ;
_c20 cm.
490 1 _aPre-textos ;
_v304
700 1 _aAlamo Triana, Isabel del.
_919117
830 0 _aPre-textos ;
_v304
_9178641
852 _aES-MaACL
_jL-23523
_bR.128826
999 _c16258
_d16258